| 000 | 00558nam a22002417a 4500 | ||
|---|---|---|---|
| 003 | UA-OsUOA | ||
| 001 | 26273 | ||
| 007 | ta | ||
| 008 | 20040525b un ||||| |||| 00| 0 ukr d | ||
| 100 | _aКурош А.Г. | ||
| 090 |
_a512(042.4) _bК93 |
||
| 942 | _cBK | ||
| 040 |
_aUA-OsUOA _brus _cUA-OsUOA _dUA-OsUOA |
||
| 245 | _aЛекции по общей алгебре | ||
| 300 | _a399 с. | ||
| 955 | _a0 | ||
| 041 | _arus | ||
| 080 | _a512(042.4) | ||
| 260 |
_aМосква _bНаука _c1973 |
||
| 044 | _aRU | ||
| 650 | 7 | _2UDC | |
| 999 |
_c312592 _d312592 |
||